Gdańskie Gimnazjum Akademickie. - Gdańsk : Uniwersytet Gdański [Rezension]
| Titel: | Gdańskie Gimnazjum Akademickie. - Gdańsk : Uniwersytet Gdański [Rezension] |
|---|---|
| Verfasser: | |
| In: |
Rocznik Gdański, Band 67/68 (2007), Seite 183-184 [t. 2] alle Artikel anzeigen |
| Veröffentlicht: | 2007/2008, 2009 |
| Format: | Aufsatz |
| Sprache: | Polnisch |
X
alg: 39511783 001A $01999:12-11-16 001B $01999:04-08-21 $t21:05:23.000 001D $01999:12-11-16 001U $0utf8 001X $00 002@ $0Aox 003@ $0395117836 007A $0395117836 $aHEB 007T $0Herda26445h 010@ $apol 011@ $a2007 $b2008 $n2007/2008, 2009 021A $aGdańskie Gimnazjum Akademickie. - Gdańsk : Uniwersytet Gdański [Rezension] 028A $aPawlak $dMarian 031A $d67/68 $h183-184 [t. 2] $j2007 039B $aIn $8--Abvc--. Rocznik Gdański. - Gdańsk : Wydawn. Gdańskie, 1927-. - ISSN 0080-3456 $x200700000670000817 $9047550872 039T $8--Acu--. Gdańskie Gimnazjum Akademickie. - Gdańsk : Uniwersytet Gdański. - ISBN 978-83-7326-485-4 $9204270634 045F $a900.9438 $eDDC23BSB 045F/01 $a900 045F/03 $g438 045F/03 $g4382 045F/03 $g43832 045T $a9,10 $a8 lok: 39511783 78 exp: 39511783 78 1 #EPN 201B/01 $018-11-16 $t13:47:58.000 201U/01 $0utf8 203@/01 $079141647X 208@/01 $a12-11-16 $be 209A/01 $a/ $f000 $x00 220C/01 $aHerkunft: PBB/IH PAN 244Z/01 $2Trx $#Prusy Wschodnie i Zachodnie $8--Trx--Ost- und Westpreußen $x01 $939113373X 244Z/01 $2Trx $#Poola $#Lenkija $#Polija $#Polen Land $#Poland $#Lengyelország $#Poľsko $#Polsko $8--Trx--Polska$gkraj $x02 $9391345966 244Z/01 $2Trx $#arvustused $#recenzijos $#Reviews $#recenziók $#recenzje $#recenzie $#recenze $8--Trx--Rezensionen $x03 $9391357441 247C/01 $82080>Marburg/Lahn, Herder-Institut, Forschungsbibliothek, Bibliographieportal $9336309341
| LEADER | 00000caa a22000002c 4500 | ||
|---|---|---|---|
| 001 | 395117836 | ||
| 003 | DE-603 | ||
| 005 | 20210804210523.0 | ||
| 007 | tu | ||
| 008 | 161112s20072008xx |||| | u00||u|pol c | ||
| 035 | |a (DE-599)HEB395117836 | ||
| 040 | |a DE-603 |b ger |c DE-603 |d DE-603 | ||
| 041 | |a pol | ||
| 082 | 0 | 4 | |8 1\u |a 900.9438 |q DE-101 |2 23/BSB |
| 084 | |a 9,10 |a 8 |2 ssgn | ||
| 085 | |8 1\u |b 900 | ||
| 085 | |8 1\u |z 2 |s 438 | ||
| 085 | |8 1\u |z 2 |s 4382 | ||
| 085 | |8 1\u |z 2 |s 43832 | ||
| 100 | 1 | |a Pawlak, Marian | |
| 245 | 0 | 0 | |a Gdańskie Gimnazjum Akademickie. - Gdańsk : Uniwersytet Gdański [Rezension] |
| 264 | 0 | |c 2007/2008, 2009 | |
| 773 | 0 | 8 | |i In |t Rocznik Gdański |d Gdańsk : Wydawn. Gdańskie, 1927- |x 0080-3456 |g Band 67/68 (2007), Seite 183-184 [t. 2] |w (DE-603)047550872 |w (DE-600)400807-8 |
| 787 | 0 | 8 | |i Rezension von |t Gdańskie Gimnazjum Akademickie |d Gdańsk : Uniwersytet Gdański |z 9788373264854 |w (DE-603)204270634 |
| 924 | 0 | |9 2080 |a (DE-603)79141647X |b DE-2080 |c HES |d d |g / | |


